| 000 | 00359 a2200133 4500 | ||
|---|---|---|---|
| 082 | _a624.18341 FAR | ||
| 090 |
_c2951 _d2951 |
||
| 100 |
_aJAVED, FARRUKH MAJ GEN _943117 |
||
| 245 | _aREINFORCED EARTH TECHNOLOGY IN PAKISTAN | ||
| 260 | _bN.H.A | ||
| 300 | _a14 P, PB, | ||
| 526 |
_a0 _b0 _c0 _d624_183410000000000_FAR |
||
| 942 |
_2ddc _aMCE _cBOOK _k624.18341 FAR |
||
| 999 |
_c546914 _d546914 |
||